Statystyki dla Stany z gier Red Dead Redemption

Kliknij tutaj aby rozwiązać quiz!

Ogólne statystyki

  • Ten quiz został rozwiązany 19 razy
  • Średni wynik to 4 z 6

Statystyki odpowiedzi

Odpowiedź% Poprawnych
Lemoyne
88%
West Elizabeth
81%
New Hanover
75%
Ambarino
63%
New Austin
63%
Nuevo Paraiso
25%

Rozkład punktacji

Percentyl według liczby udzielonych odpowiedzi

Procent ludzi z każdym wynikiem

Twoja historia wyników

Nie rozwiązałeś tego quizu